| 000 | 00991cam a2200349 a 4500 | ||
|---|---|---|---|
| 001 | 4314814 | ||
| 003 | ost | ||
| 005 | 20140310182328.0 | ||
| 008 | 871117s1988 nyua j 000 0 eng | ||
| 010 | _a 87032983 | ||
| 020 | _a0803705425 | ||
| 020 | _a0803705433 (lib. bdg.) | ||
| 020 | _a9780710503442 | ||
| 040 |
_aDLC _cDLC _dDLC |
||
| 042 | _alcac | ||
| 050 | 0 | 0 |
_aPZ 8.1 _b.G619 |
| 082 | 0 | 0 |
_aGS 398.21 _bP27 199 |
| 100 | 1 |
_d1942-1992. _921325 |
|
| 245 | 1 | 0 |
_aGoldilocks and the three bears / _cillustrated by John Patience. |
| 260 |
_aEngland : _bPeter Haddock, _c[ca 1990] |
||
| 300 |
_a17 p. : _bcol. : ill. ; _c29 cm. |
||
| 541 | _j1 | ||
| 562 | _e1 | ||
| 650 | 1 |
_aFairy tales. _93114 |
|
| 650 | 1 |
_aBears _xFolklore. _921326 |
|
| 655 | 7 |
_aJuvenile literature _y1988. _2rbgenr _921327 |
|
| 700 | 1 |
_aMarshall, James, _d1942-1992, _eill. _921328 |
|
| 906 |
_a7 _bcbc _corignew _d1 _eocip _f19 _gy-gencatlg |
||
| 942 |
_2lcc _cBK-GS |
||
| 999 |
_c11931 _d11931 |
||